Statistics for ULTIMATE CAR QUIZZ

Click here to take the quiz!

General Stats

  • This quiz has been taken 36 times
  • The average score is 7 of 15

Answer Stats

Answer% Correct
Toyota supra
79%
Honda NSX
76%
Lamborghini diablo
72%
Ford raptor
59%
Porsche carrera GT
55%
Kia stinger
52%
Shelby cobra
48%
Mercedes amg GT
45%
Pagani huayra
45%
Smart fortwo
31%
Fisker karma
28%
Subaru impreza WRX
28%
Zenvo TSR-S
28%
Ferrari f430
24%
BMW Z4M coupe
3%

Score Distribution

Percentile by Number Answered

Percent of People with Each Score

Your Score History

You have not taken this quiz